| 000 | 00367nam a22001457a 4500 | ||
|---|---|---|---|
| 020 | _a978-93-5072-624-2 | ||
| 082 |
_aH100 9 _bPAR/S |
||
| 100 | _aParamanand Shrivasthav | ||
| 245 |
_aSamakaleen kavita: _bnaye prasthan/ |
||
| 260 |
_aNew Delhi: _bVani, _c2014. |
||
| 650 | _aStories Hindi History | ||
| 650 | _aLiterature Hindi | ||
| 650 | _aLiterature | ||
| 942 | _cBK | ||
| 999 |
_c52647 _d52647 |
||